| 000 -CABECERA |
| Longitud fija campo de control |
00498nam a2200181 a 4500 |
| 001 - NÚMERO DE CONTROL |
| Número de control |
5173 |
| 003 - IDENTIFICADOR DEL NÚMERO DE CONTROL |
| Identificador del número de control |
CDMR |
| 005 - FECHA Y HORA DE LA ÚLTIMA TRANSACCIÓN |
| Fecha y hora de la última transacción |
20131210120943.0 |
| 008 - CÓDIGOS DE INFORMACIÓN DE LONGITUD FIJA |
| Códigos de información de longitud fija |
130130s1970||||||||||||||||||||||||||||d |
| 040 ## - FUENTE DE LA CATALOGACIÓN |
| Centro catalogador de origen |
CDMR |
| Lengua de catalogación |
cat |
| Centro transcriptor |
CDMR |
| 245 03 - MENCIÓN DE TÍTULO |
| Título |
Lo verosímil |
| Mención de responsabilidad, etc. |
Ronald Barthes... [et al.] |
| 260 ## - PUBLICACIÓN, DISTRIBUCIÓN, ETC. (PIE DE IMPRENTA) |
| Lugar de publicación, distribución, etc. |
Buenos Aires |
| Fecha de publicación, distribución, etc. |
1970 |
| Nombre del editor, distribuidor, etc. |
Tiempo Contemporáneo |
| 300 ## - DESCRIPCIÓN FÍSICA |
| Extensión |
178 p. |
| 490 0# - MENCIÓN DE SERIE |
| Mención de serie |
Biblioteca Ciencias Sociales. |
| -- |
Comunicaciones |
| 650 04 - PUNTO DE ACCESO ADICIONAL DE MATERIA - TÉRMINO DE MATERIA |
| 9 (RLIN) |
1282 |
| Término de materia o nombre geográfico como elemento inicial |
Semiòtica |
| 700 1# - PUNTO DE ACCESO ADICIONAL - NOMBRE DE PERSONA |
| 9 (RLIN) |
877 |
| Nombre de persona |
Barthes, Roland |
| 942 ## - ENTRADA DE ELEMENTOS AGREGADOS (KOHA) |
| Koha [por defecto] tipo de item |
Monografies |
| Fuente de clasificaión o esquema |
|